| 000 | 00455nam a2200157Ia 4500 | ||
|---|---|---|---|
| 003 | GCL | ||
| 008 | 140319s9999 xx 000 0 eng d | ||
| 040 |
_aGCL / _cGCL |
||
| 082 | 0 | 4 |
_a621.381 _bC E |
| 100 | 1 | _aCATHEY, JIMMIE J. | |
| 245 | 1 | 0 |
_aELECTRONICS-SCHAUM'S SOLVED PROBLEMS SERIES 2000 SOLVED PROBLEMS / _cCATHEY, JIMMIE J. |
| 260 |
_a[S.N] : _bMC GRAW - HILL ، _c1990 |
||
| 650 | 0 | 4 | _aEXERCISES |
| 650 | 0 | 4 | _aELECTRONIC CIRCUITS |
| 942 |
_2ddc _cBK |
||
| 999 |
_c23659 _d23659 |
||